Posibilidades de un estado comunitario hispanoamericano / (Record no. 150169)
[ view plain ]
| 000 -LEADER | |
|---|---|
| fixed length control field | nam a22 7a 4500 |
| 005 - DATE AND TIME OF LATEST TRANSACTION | |
| control field | 20190807134912.0 |
| 008 - FIXED-LENGTH DATA ELEMENTS--GENERAL INFORMATION | |
| fixed length control field | 190807b mx ||||| |||| 00| 0 spa d |
| 020 ## - INTERNATIONAL STANDARD BOOK NUMBER | |
| International Standard Book Number | 9683670369 |
| 050 04 - LIBRARY OF CONGRESS CALL NUMBER | |
| Classification number | HN110.5A8 |
| Item number | S38 1999 |
| 100 1# - MAIN ENTRY--PERSONAL NAME | |
| Personal name | Saucedo González, José Isidro |
| 245 10 - TITLE STATEMENT | |
| Title | Posibilidades de un estado comunitario hispanoamericano / |
| Statement of responsibility, etc | José Isidro Saucedo González |
| 250 ## - EDITION STATEMENT | |
| Edition statement | 1a edición |
| 260 ## - PUBLICATION, DISTRIBUTION, ETC. (IMPRINT) | |
| Place of publication, distribution, etc | Mexico : |
| Name of publisher, distributor, etc | UNAM, Instituto de Investigaciones Juridicas, |
| Date of publication, distribution, etc | 1999 |
| 300 ## - PHYSICAL DESCRIPTION | |
| Extent | 196 p. ; |
| Dimensions | 21 cm. |
| 490 0# - SERIES STATEMENT | |
| Series statement | Serie Estudios Jurídicos ; |
| Volume number/sequential designation | No. 5 |
| 650 #4 - SUBJECT ADDED ENTRY--TOPICAL TERM | |
| Topical term or geographic name as entry element | Organización de la comunidad |
| General subdivision | América Latina |
| 650 #4 - SUBJECT ADDED ENTRY--TOPICAL TERM | |
| Topical term or geographic name as entry element | América Latina |
| General subdivision | Aspectos económicos |
| 942 ## - ADDED ENTRY ELEMENTS (KOHA) | |
| Source of classification or shelving scheme | Biblioteca del Cogreso de los Estados Unidos |
| Koha item type | Libro |
No items available.